Reprezentacje Grające na Euro 2016 w Francji - Statystyki

Ogólne statystyki
  • Ten quiz został rozwiązany 3 159 razy
  • Średni wynik to 21 z 24
Statystyki odpowiedzi
Odpowiedź % Poprawnych
Polska
100%
Portugalia
99%
Francja
98%
Niemcy
98%
Hiszpania
96%
Ukraina
96%
Irlandia
94%
Anglia
93%
Włochy
93%
Rosja
92%
Szwecja
92%
Szwajcaria
90%
Belgia
89%
Chorwacja
88%
Czechy
85%
Słowacja
85%
Islandia
83%
Irlandia Północna
82%
Austria
81%
Walia
80%
Węgry
80%
Rumunia
78%
Albania
73%
Turcja
72%
Nie znaleziono quizów pasujących do podanych kryteriów
Rozkład punktacji
Procent ludzi z każdym wynikiem
Percentyl według liczby udzielonych odpowiedzi
Twoja historia wyników
Nie rozwiązałeś tego quizu